000 01061nam a2200325 i 4500
003 EG-GICUC
005 20260301114729.0
008 981209s1998 enk frb 001 0 eng d
020 _a0421565403
020 _a9780421565401
040 _aMoSU-L
_cMoSU-L
_beng
_dEG-GiCUC
_erda
043 _ae-uk---
050 1 4 _aKD7645
_b.B47 1998
082 0 4 _221
_a347.224
092 0 4 _221
099 _aLaw 12 1998
100 1 _aBernstein, Ronald.
245 1 0 _aHandbook of arbitration practice /
_cedited by Ronald Bernstein ... [et al.].
250 _a3rd edition.
264 _aLondon :
_bSweet & Maxwell in conjunction with the Chartered Institute of Arbitrators,
_c1998.
300 _axxxvii, 1009 pages ;
_c26 cm.
336 _atext
_2rdacontent
337 _aComputer
_2rdamedia
338 _aOnline Resource
_2rdacarrier
504 _aIncludes bibliographical references and index.
650 0 _aArbitration and award
_zGreat Britain.
856 4 0 _uhttps://fll.law.cu.edu.eg/fulltext/bks/ENGB12-00048.pdf
905 _a10
942 _2ddc
_cBK
_e21
_n0
999 _c64476
_d64476